000 00824cam a2200241 a 4500
005 20160302173147.0
008 981114s1998 ck gr 00010 spa d
020 _a9589272916
040 _ala
_cla
_dCO-BoIAVH
041 0 _aspa
044 _ack
082 0 4 _a333.91
_bA48a
245 0 3 _aEl agua y las organizaciones sociales :
_bcinco estudios de caso.
250 _aPrimera edición
260 _aBogotá :
_bFESCOL, DNP,
_c1998.
300 _a265 páginas ;
_c22 x 16 cm.
504 _aIncluye referencias bibliográficas: página 263-264.
650 1 6 _aAgua
_z Colombia.
650 2 6 _aRecursos hídricos
_z Colombia
_v Estudio de casos.
650 2 6 _aUtilización del agua
_z Colombia
_vEstudio de casos.
710 2 _aLa Fundación Friedrich Ebert de Colombia
942 _2ddc
_cLIBRO
999 _c872
_d872